Acceptability of powdered eggshell in making cleanser / (Record no. 80470)

MARC details
000 -LEADER
fixed length control field 01747nam a22003257a 4500
003 - CONTROL NUMBER IDENTIFIER
control field URS
005 - DATE AND TIME OF LATEST TRANSACTION
control field 20240606211124.0
008 - FIXED-LENGTH DATA ELEMENTS--GENERAL INFORMATION
fixed length control field 240520b |||||||| |||| 00| 0 eng d
050 ## - LIBRARY OF CONGRESS CALL NUMBER
Classification number BT-HRM
Item number A439 2015
245 10 - TITLE STATEMENT
Title Acceptability of powdered eggshell in making cleanser /
Statement of responsibility, etc. Alvhi Jydynth Cary B. Alazas [and four others].
260 #1 - PUBLICATION, DISTRIBUTION, ETC.
Date of publication, distribution, etc. [2015]
300 ## - PHYSICAL DESCRIPTION
Extent xi, 46 leaves :
Other physical details color illustrations ;
Dimensions 28 cm
336 ## - CONTENT TYPE
Source rdacontent
Content type term text
337 ## - MEDIA TYPE
Source rdamedia
Media type term unmediated
338 ## - CARRIER TYPE
Source rdacarrier
Carrier type term volume
500 ## - GENERAL NOTE
General note Undergraduate thesis (Hotel and Restaurant Management) - University of Rizal System, Cainta 2015
504 ## - BIBLIOGRAPHY, ETC. NOTE
Bibliography, etc. note Includes bibliographical references.
520 ## - SUMMARY, ETC.
Summary, etc. "The study determined the Acceptability of Powdered Eggshell In Making Cleanser using the experimental method of research. The developed product was prepared using eggshell as the main ingredient in making cleanser." -- Abstract
524 ## - PREFERRED CITATION OF DESCRIBED MATERIALS NOTE
Preferred citation of described materials note Alazas, A. J. C. B., [and four others]. (2015). Acceptability of powdered eggshell in making cleanser. University of Rizal System.
546 ## - LANGUAGE NOTE
Language note In English text.
650 #0 - SUBJECT ADDED ENTRY--TOPICAL TERM
Topical term or geographic name entry element Hotel and Restaurant Management
Form subdivision Thesis, Academic.
700 #1 - ADDED ENTRY--PERSONAL NAME
Personal name Alazas, Alvhi Jydynth Cary B.,
Relator term researcher.
700 #1 - ADDED ENTRY--PERSONAL NAME
Personal name Benedicto III, Lazaro T.,
Relator term researcher.
700 #1 - ADDED ENTRY--PERSONAL NAME
Personal name Garcia, Catherine Joy A.,
Relator term researcher.
700 #1 - ADDED ENTRY--PERSONAL NAME
Personal name Libatog, Merry Jan L.,
Relator term researcher.
700 #1 - ADDED ENTRY--PERSONAL NAME
Personal name Martinez, John Michael B.,
Relator term researcher.
856 ## - ELECTRONIC LOCATION AND ACCESS
Materials specified Online Request for Student Unpublished Works
Uniform Resource Identifier <a href="https://docs.google.com/forms/d/e/1FAIpQLSdtj_eCncT3hgTIbOB8g-3uMYPTK14UGxs8cj-GqWFJPmnTLA/viewform">https://docs.google.com/forms/d/e/1FAIpQLSdtj_eCncT3hgTIbOB8g-3uMYPTK14UGxs8cj-GqWFJPmnTLA/viewform</a>
856 ## - ELECTRONIC LOCATION AND ACCESS
Materials specified Click here to access online
Uniform Resource Identifier <a href="https://drive.google.com/file/d/1S_c0aQRBFgrXujyStJEmOASNyKcil2Wg/view?usp=sharing">https://drive.google.com/file/d/1S_c0aQRBFgrXujyStJEmOASNyKcil2Wg/view?usp=sharing</a>
942 ## - ADDED ENTRY ELEMENTS (KOHA)
Source of classification or shelving scheme Library of Congress Classification
Koha item type Theses and dissertations
Holdings
Withdrawn status Source of classification or shelving scheme Damaged status Not for loan Collection code Home library Current library Shelving location Date acquired Source of acquisition Total Checkouts Full call number Barcode Date last seen Copy number Price effective from Koha item type
  Library of Congress Classification     Non-fiction Cainta College Library Cainta College Library Undergraduate Theses 05/21/2024 Donation   BT-HRM A439 2015 URSCAI-UGT0600 05/20/2024 c.1 05/20/2024 Theses and dissertations

University of Rizal System
Email us at univlibservices@urs.edu.ph

Visit our Website www.urs.edu.ph/library